| 000 | 005180000a22001930004500 | ||
|---|---|---|---|
| 001 | 002330 | ||
| 003 | MACL | ||
| 005 | 20150908165131.0 | ||
| 008 | 150908b xxu||||| |||| 00| 0 eng d | ||
| 040 |
_aMACL _cMACL |
||
| 041 | _aEnglish | ||
| 082 | _a820.3/LAH | ||
| 100 |
_aJhumpa, Lahiri _99409 |
||
| 245 |
_aThe Namesake _bPulitzer Prize W̜inning Authore of Interpreter of Maladies _cLahiri Jhumpa |
||
| 260 |
_c2005 _bHarper Collins India, |
||
| 350 | _a395 | ||
| 650 |
_aLiterature _99410 |
||
| 942 |
_k820 _cBK _2ddc |
||
| 999 |
_c14242 _d14242 |
||